Resources and people in east Kentucky ; problems and potentials of a lagging economy /

Bibliographic Details
Main Author: Bowman, Mary Jean
Other Authors: Haynes, W. Warren (William Warren), 1921-1972
Format: Book
Language:English
Published: Baltimore : Johns Hopkins Press, [1963]
Subjects:

MARC

Tag First Indicator Second Indicator Subfields
LEADER 00000cam a2200000 4500
001 in00000062842
005 20151008050636.0
008 711118s1963 mdu b 00000 eng u
010 |a  63017668  
035 |a (OCoLC)00173130 
035 |9 AAG2332AM 
040 |c WSU  |d TXA  |d UtOrBLW 
049 |a TXAM [366658] 
050 0 |a HC107.K4  |b B6 
092 |a 330.9769  |b B787r 
100 1 |a Bowman, Mary Jean. 
245 1 0 |a Resources and people in east Kentucky ;  |b problems and potentials of a lagging economy /  |c by Mary Jean Bowman and W. Warren Haynes. 
264 1 |a Baltimore :  |b Johns Hopkins Press,  |c [1963] 
300 |a 448 pages 
336 |a text  |b txt  |2 rdacontent 
337 |a unmediated  |b n  |2 rdamedia 
338 |a volume  |b nc  |2 rdacarrier 
504 |a Bibliographical footnotes. 
650 0 |a Coal mines and mining  |z Kentucky. 
651 0 |a Kentucky  |x Economic conditions. 
700 1 |a Haynes, W. Warren  |q (William Warren),  |d 1921-1972. 
999 |a MARS 
999 f f |s 59769ebc-c6cd-3618-822c-0752a08eb533  |i fb0eeda1-b949-3bfe-b31e-ec31a07f52ad  |t 0 
952 f f |p ric  |a Texas A&M University  |b Rellis Campus  |c Joint Library Facility  |d Remote Storage  |t 0  |e HC107.K4 B6  |h Library of Congress classification  |i unmediated -- volume  |m A14800709847 
998 f f |a HC107.K4 B6  |t 0  |l Remote Storage